000 00561nam a2200181 i 4500
001 60051
003 ES-MaACL
005 20230906164140.0
007 t|
008 031103s1980 sp ||||1| spa d
245 0 0 _aEspaña en Europa
_b: aspectos políticos, económicos y sociales de la integración en la CEE.
260 _aMadrid :
_bUnión Editorial,
_c[1980]
300 _a368 p. ;
_c21 cm.
490 1 _aLos libros del centro ;
_v1
830 0 _aLos libros del centro ;
_v1
_9230544
852 _aES-MaACL
_jL-216
_bR.100698
999 _c60051
_d60051